| 000 | 00361pam a2200157a 44500 | ||
|---|---|---|---|
| 008 | 230405s2008 xxu||||| |||| 00| 0 eng d | ||
| 041 | _aENG | ||
| 100 | _aLEWIS HERSCHELL GORDEN | ||
| 245 | _aSALES LETTERS THAT SIZZLE | ||
| 250 | _a2008 | ||
| 260 |
_aNULL _bPITMAN _c2008 |
||
| 300 | _a420 | ||
| 650 | _aSALES MANAGEMENT | ||
| 690 | _aMBA | ||
| 906 | _a5208 | ||
| 999 |
_c286019 _d286019 |
||